Lékařka radí maminkám na venkově /

Main Author: Mašková, Marie, pediatrie
Language: Czech
Published: Praha : Brázda, 1949
Series: Rádce zemědělce. Sbírka příruček
Physical Description: 62, [2] s. ; 8°
Book
Saved in:
LEADER 00922nam a22002532a 4500
001 000756358
003 CZ BrMZK
005 20220916110006.0
007 ta
008 041217s1949 xr er|||||||||||cze d
015 |a cnb000674737 
035 |a (OCoLC)14664665 
040 |a BOA001  |b cze 
100 1 |a Mašková, Marie,  |c pediatrie  |4 aut 
245 1 0 |a Lékařka radí maminkám na venkově /  |c MUDr Marie Mašková 
260 |a Praha :  |b Brázda,  |c 1949 
300 |a 62, [2] s. ;  |c 8° 
490 1 |a Rádce zemědělce. Sbírka příruček ;  |v Sv. 95 
830 0 |a Rádce zemědělce.  |p Sbírka příruček 
910 |a BOA001  |b PK-I-0025.489  |b 2-0227.913 
964 |a Batolata - péče zdravotní - návody 
990 |a BK 
996 6 |b 2618749667  |c 2-0227.913  |l MZK  |r Sklad / do 24 hodin  |n 0  |w 000756358  |u 000020  |a 1  |e BOA001  |j MZK50  |s P 
996 6 |b BC-182085  |c PK-I-0025.489  |l MZK  |r Sklad / do 1 hodiny  |n 0  |w 000756358  |u 000010  |a 1  |e BOA001  |j MZK50  |s P